| 000 | 01158nam a2200229Ia 4500 | ||
|---|---|---|---|
| 005 | 20171018154945.0 | ||
| 008 | 130821s1979 sp gr spa | ||
| 040 |
_aCo-BoUCM _bspa _cSaul Niño (Modificó) _d[Nuevo] |
||
| 041 | 0 | 0 | _aspa |
| 100 | 1 |
_aLugo, Bernardo de _cFray _987791 |
|
| 245 | 0 | 0 |
_aGramática en la lengua general del nuevo reyno, llamada Mosca _ccompuesto por el Padre Fray Bernardo de Lugo. Predicador General del Orden de Predicadores, y Catedrático de la dicha lengua, en el Convento del Rosario de la Ciudad de Santa Fé |
| 260 |
_aMadrid (España) _bBarnardino de Guzmá _bEdiciones Sol y Luna _c1979 |
||
| 300 | _a157 páginas | ||
| 500 | _aSe imprimió esta edición facsimilar de la Gramática Mosca del Padre Lugo, tomándola del ejemplar que se conserva en el Colegio del Rosario de Bogotá. | ||
| 650 | 0 | 4 |
_aGramática comparada y general _916517 |
| 650 | 0 | 4 |
_aLenguaje y lenguas _xGramática comparada y general _918380 |
| 650 | 0 | 4 |
_aLenguas chibcha _918393 |
| 650 | 0 | 4 |
_aLenguas indígenas _918397 |
| 650 | 0 | 4 |
_aLingüística aplicada _9439 |
| 942 |
_cLIBRO _a12 _e1 _mG71 _2DEWEY _h498.2 |
||
| 999 |
_c30964 _d30964 |
||